Mari Români #1 - Statistics

General Stats
  • This quiz has been taken 15 times
  • The average score is 13 of 25
Answer Stats
Picture Answer % Correct
Ștefan cel Mare
100%
Mihai Eminescu
90%
Gheorghe Hagi
80%
Mihai Viteazul
80%
Nicolae Ceaușescu
80%
Vlad Țepeș
80%
Alexandru Ioan Cuza
70%
Carol I
70%
George Enescu
70%
Nadia Comăneci
70%
George Becali
60%
Ion Luca Caragiale
60%
Constantin Brâncuși
50%
Ion Antonescu
50%
Mihai I
50%
Nicolae Iorga
50%
Mirel Rădoi
40%
Constantin Brâncoveanu
30%
Ferdinand I
30%
Mircea Eliade
30%
Gregorian Bivolaru
20%
Henri Coandă
20%
Corneliu Zelea Codreanu
10%
Nicolae Titulescu
10%
Richard Wurmbrand
10%
No matching quizzes found
Score Distribution
Percent of People with Each Score
Percentile by Number Answered
Your Score History
You have not taken this quiz